000 00646nam a22002417a 4500
003 UA-OsUOA
001 33031
007 ta
008 20050302b un ||||| |||| 00| 0 ukr d
090 _a1/14(048.3)(075.8)
_bС23
942 _cBK
040 _aUA-OsUOA
_brus
_cUA-OsUOA
_dUA-OsUOA
245 _aСборник реферетов и курсовых работ по философии
_cСост. В. А.Рогожин
300 _a480 с.
955 _a0
041 _arus
080 _a1/14(048.3)(075.8)
020 _a5-98032-617-0
260 _aМ.
_bТК Вельби
_c2004
044 _aRU
650 7 _2UDC
999 _c319488
_d319488